000 01401cam a22003614a 4500
001 11939783
003 SISC
005 20160404101857.0
008 000313s2001 mnua j b 001 0 eng
010 _a 00035226
020 _a0736807020
040 _aDLC
_cDLC
_dDLC
042 _apcc
_alcac
050 0 0 _aHQ 759.64
_b.T46 2001
082 0 0 _aHS 649.122
_b.K28 2001
100 1 _aThoennes Keller, Kristin.
_910282
245 1 0 _aParenting an infant /
_cKristin Thoennes Keller.
260 _aMinnesota :
_bLife Matters,
_cc2001.
300 _a64 p. :
_bill. ;
_c24 cm.
440 0 _aSkills for teens who parent
_912969
504 _aIncludes bibliographical references and index.
520 _aProvides information on infant development and advice on how to care for a child for the first twelve months of its life, including facts about feeding, sleeping, crying, and other concerns.
562 _e1
650 0 _aTeenage parents.
_912970
650 0 _aChild rearing.
_91462
650 0 _aInfants.
_912971
650 1 _aTeenage parents.
_912972
650 1 _aChild rearing.
_91462
906 _a7
_bcbc
_corignew
_d1
_eocip
_f20
_gy-gencatlg
942 _2lcc
_cBK
999 _c9255
_d9255